Propuesta de un Manual de Procedimientos para el manejo y control de inventario de materia prima de medios y micros en la planta de alimentos balanceados del Grupo Industrial el Granjero

El presente trabajo consiste en elaborar una propuesta de un manual de procedimientos para el manejo y control de inventario de materia prima en la bodega del área de producción de la planta de alimentos balanceados (PAB) en Grupo Industrial el Granjero, se pretende diseñar procedimientos documen...

Full description

Bibliographic Details
Main Authors: Muñoz López, Cindy Patricia, Pavón López, Ricardo Dionisio
Other Authors: Tutor: Cáceres Antón, Juan Agustín
Format: Tesis Section = Libro
Language:Undetermined
Spanish
Published: Managua UNI 2021
Subjects:
LEADER 01451nam a2200277Ia 4500
008 240830s9999 xx 000 0 und d
040 |a BIBLIOTECA-RUPAP/ Mon 658.787 M971 
041 |a spa 
082 |a Mon 658.787 M971 
100 1 |a Muñoz López, Cindy Patricia 
100 1 |b Pavón López, Ricardo Dionisio 
245 1 0 |a Propuesta de un Manual de Procedimientos para el manejo y control de inventario de materia prima de medios y micros en la planta de alimentos balanceados del Grupo Industrial el Granjero 
260 |a Managua  |b UNI  |c 2021 
300 |a 138 p. :il. 
500 |a Contiene: anexos y CD. 
502 |a Tesis (Ingeniero Industrial) - UNI, 2021. 
520 3 |a El presente trabajo consiste en elaborar una propuesta de un manual de procedimientos para el manejo y control de inventario de materia prima en la bodega del área de producción de la planta de alimentos balanceados (PAB) en Grupo Industrial el Granjero, se pretende diseñar procedimientos documentados que permitan a la empresa un adecuado manejo de sus inventarios, facilitando de esta forma la toma de decisiones administrativas y financieras. 
650 7 |a CONTROL DE INVENTARIO 
650 7 |b  ADMINISTRACION DE INENTARIO 
650 7 |c  CONTROL INTERNO 
650 7 |d  PROCEDIMIENTOS ADMINISTRATIVOS- MANUALES 
650 7 |e  CONTROL DE PROCESOS 
700 1 |a Tutor:  |b Cáceres Antón, Juan Agustín 
942 |c BK  |2 ddc 
991 |a TESIS 
999 |c 18957